| 000 | 00816nam a22002897a 4500 | ||
|---|---|---|---|
| 003 | CHAP | ||
| 005 | 20220329141526.0 | ||
| 008 | 971013s1989 r 00010 d | ||
| 010 | _a69569 | ||
| 011 | _a70541 | ||
| 035 | _a80022 | ||
| 040 | _cCHAP | ||
| 090 | _aFolleto 12366 | ||
| 100 | 0 | 0 |
_aSánchez Colín, Salvador. _9107431 |
| 245 | _aMensaje a los agrónomos | ||
| 260 |
_aToluca, Méx. : _bEl autor, _c1989 |
||
| 300 | _a9 p. | ||
| 500 | _a34-227 | ||
| 590 |
_aBATCH-UPD _b10 _c20130110 _lUCH01 _h1600 |
||
| 590 |
_aBATCH-UPD _b10 _c20130410 _lUCH01 _h0957 |
||
| 590 |
_aBATCH-UPD _b10 _c20130914 _lUCH01 _h0227 |
||
| 590 |
_aCONVERSION _b10 _c20130109 _lUCH01 _h1338 |
||
| 650 | 1 | 4 |
_aAgrónomos mexicanos. _92208 |
| 901 | _aBK | ||
| 942 | _cFOLL | ||
| 949 |
_aFolleto 12366 _bBC _cFOLL _d-32916 _eTS1 _i80022 _si |
||
| 999 |
_c69569 _d69569 |
||